000 00269nam a2200109Ia 4500
008 190911s9999||||xx |||||||||||||| ||und||
100 _aAlbeverio,Sergio.
245 0 _aNoncommutative Distributions
260 _aNew York
_bMc Graw Hill
_c1993
300 _a190
942 _cBK
999 _c6804
_d6804